00185nam a2200073Ia 4500008004100000100001600041245003200057260002200089190216s9999||||xx |||||||||||||| ||und|| aDuluganov M 0aRadio Tharangam Sancharanam bKerala Basha Inst